000
00267nam a2200109 4500
999
_c
10877
_d
10877
003
OSt
005
20221019172022.0
008
221019b ||||| |||| 00| 0 eng d
100
_a
Charles Moore and company
245
_a
Global Architecture special issue
942
_2
ddc